Wer wird Millionär? - Statistiken

Allgemein
  • Dieses Quiz wurde 1.049 mal gespielt
  • Das Durchschnittsergebnis liegt bei 14 aus 15
Antwortstatistiken
Gewinnstufe Gewinn in € % Korrekt
2 100
100%
6 1.000
100%
3 200
100%
1 50
100%
5 500
100%
15 1.000.000
99%
7 2.000
99%
4 300
99%
14 500.000
97%
8 4.000
95%
9 8.000
94%
10 16.000
91%
11 32.000
91%
12 64.000
91%
13 125.000
81%
Keine übereinstimmenden Quizze gefunden
Verteilung der Resultate
Anzahl Personen mit jedem Resultat
Perzentil nach korrekt beantworteten Fragen
Ihre Resultats-Entwicklung
Sie haben dieses Quiz noch nicht gespielt